[Event "Lido degli Estensi op 4th"]
[Site "Lido degli Estensi"]
[Date "2003.06.14"]
[Round "8"]
[White "Tomba, Ivan"]
[Black "Zichichi, Alvise"]
[Result "1/2-1/2"]
[WhiteElo "2131"]
[BlackElo "2280"]
[PlyCount "71"]
[EventDate "2003.06.06"]
[EventType "swiss"]
[EventRounds "9"]
[EventCountry "ITA"]
[SourceTitle "CBM 094 Extra"]
[Source "ChessBase"]
[SourceDate "2003.07.09"]
[SourceVersion "2"]
[SourceVersionDate "2003.07.09"]
[SourceQuality "1"]

1. e4 c5 2. Nf3 e6 3. d4 cxd4 4. Nxd4 Nc6 5. Nc3 a6 6. Be3 Qc7 7. f4 b5 8. Nb3 d6 9. Bd3 Nf6 10. Qf3 Bb7 11. 0-0 Na5 12. Nxa5 Qxa5 13. a3 Rc8 14. Bd4 Be7 15. Kh1 Qc7 16. Rae1 0-0 17. Qg3 g6 18. e5 Nh5 19. Qf3 Rce8 20. Re3 f5 21. Qxh5 gxh5 22. Rg3+ Kf7 23. exd6 Bf6 24. dxc7 Bxd4 25. Be2 Rc8 26. Bxh5+ Kf6 27. Rd3 Bb6 28. Re1 Bxc7 29. Rde3 Bxf4 30. Rxe6+ Kg5 31. Bf3 Rf7 32. Bxb7 Rxb7 33. Rxa6 Bd2 34. Rb1 Bxc3 35. bxc3 Rxc3 36. Rb2 1/2-1/2

[Event "Lido degli Estensi op 4th"]
[Site "Lido degli Estensi"]
[Date "2003.06.12"]
[Round "6"]
[White "Miatello, Alberto"]
[Black "Zichichi, Alvise"]
[Result "0-1"]
[WhiteElo "2133"]
[BlackElo "2280"]
[PlyCount "52"]
[EventDate "2003.06.06"]
[EventType "swiss"]
[EventRounds "9"]
[EventCountry "ITA"]
[SourceTitle "CBM 094 Extra"]
[Source "ChessBase"]
[SourceDate "2003.07.09"]
[SourceVersion "2"]
[SourceVersionDate "2003.07.09"]
[SourceQuality "1"]

1. e4 c5 2. Nf3 e6 3. d4 cxd4 4. Nxd4 Nc6 5. Nc3 a6 6. Be2 Qc7 7. 0-0 b5 8. Nxc6 Qxc6 9. Bf3 Bb7 10. Bf4 Rc8 11. Re1 Ne7 12. e5 Qc7 13. Rc1 Nf5 14. Bxb7 Qxb7 15. Ne4 Be7 16. Nd6+ Bxd6 17. exd6 Rc4 18. Be5 f6 19. Bg3 0-0 20. c3 Rfc8 21. Qd2 R4c5 22. Rcd1 Rd5 23. Qe2 Rcc5 24. Bf4 Rxd1 25. Rxd1 Rd5 26. Qf3 Nh4 0-1

[Event "Lido degli Estensi op 4th"]
[Site "Lido degli Estensi"]
[Date "2003.06.11"]
[Round "5"]
[White "Zichichi, Alvise"]
[Black "Chabanon, Jean Luc"]
[Result "0-1"]
[WhiteElo "2280"]
[BlackElo "2492"]
[PlyCount "74"]
[EventDate "2003.06.06"]
[EventType "swiss"]
[EventRounds "9"]
[EventCountry "ITA"]
[SourceTitle "CBM 094 Extra"]
[Source "ChessBase"]
[SourceDate "2003.07.09"]
[SourceVersion "2"]
[SourceVersionDate "2003.07.09"]
[SourceQuality "1"]

1. d4 Nf6 2. Nf3 d6 3. Nc3 g6 4. e4 Bg7 5. Be3 c6 6. Qd2 b5 7. Bd3 Bb7 8. Bh6 0-0 9. h4 e5 10. dxe5 dxe5 11. h5 Bxh6 12. Qxh6 Ng4 13. Qd2 Qf6 14. Rh4 Bc8 15. Ke2 h6 16. hxg6 fxg6 17. Rxh6 Nxh6 18. Qxh6 Bg4 19. Rh1 Kf7 20. Ke1 Bxf3 21. gxf3 Nd7 22. Qh7+ Qg7 23. Qh3 Rad8 24. Qg3 Rh8 25. Rg1 Qf6 26. Nd1 Rh4 27. Ne3 Rdh8 28. Bf1 Rh1 29. Rg2 R8h3 30. Qg4 Nf8 31. Qc8 Rxf3 32. Qc7+ Kg8 33. Ng4 Qf4 34. Qxe5 Re3+ 35. Kd1 Qxe5 36. Nxe5 Rxe4 37. Nxg6 Rxf1+ 0-1

[Event "Lido degli Estensi op 4th"]
[Site "Lido degli Estensi"]
[Date "2003.06.09"]
[Round "3"]
[White "Zichichi, Alvise"]
[Black "Opacic, Alexandar"]
[Result "1/2-1/2"]
[WhiteElo "2280"]
[BlackElo "2063"]
[PlyCount "96"]
[EventDate "2003.06.06"]
[EventType "swiss"]
[EventRounds "9"]
[EventCountry "ITA"]
[SourceTitle "CBM 094 Extra"]
[Source "ChessBase"]
[SourceDate "2003.07.09"]
[SourceVersion "2"]
[SourceVersionDate "2003.07.09"]
[SourceQuality "1"]

1. Nf3 d5 2. c4 e6 3. g3 Nf6 4. Bg2 c5 5. cxd5 exd5 6. d4 Nc6 7. 0-0 Be7 8. Nc3 0-0 9. Bg5 h6 10. Bxf6 Bxf6 11. dxc5 Bxc3 12. bxc3 Qa5 13. Qxd5 Be6 14. Qd2 Rad8 15. Qb2 Qxc5 16. Rfd1 Rxd1+ 17. Rxd1 Bc4 18. Rd2 b6 19. Nd4 Ne5 20. h3 Rc8 21. Rc2 Rd8 22. Kh2 Bd5 23. e4 Bc4 24. Rd2 Ba6 25. Nb3 Qc7 26. Rxd8+ Qxd8 27. Qd2 Qc7 28. f4 Nc4 29. Qd4 Bb7 30. Nd2 Nxd2 31. Qxd2 Qc4 32. e5 Bxg2 33. Kxg2 g6 34. g4 Qe4+ 35. Kf2 Kh7 36. a3 g5 37. fxg5 Qxe5 38. gxh6 Qh2+ 39. Ke1 Qh1+ 40. Ke2 Qxh3 41. g5 Qg4+ 42. Kd3 Qf5+ 43. Kc4 Qc5+ 44. Kb3 Qb5+ 45. Ka2 Qc4+ 46. Ka1 Qf1+ 47. Kb2 Qb5+ 48. Kc2 Qa4+ 1/2-1/2

[Event "Lido degli Estensi op 4th"]
[Site "Lido degli Estensi"]
[Date "2003.06.07"]
[Round "2"]
[White "Efimov, Igor"]
[Black "Zichichi, Alvise"]
[Result "1-0"]
[WhiteElo "2477"]
[BlackElo "2280"]
[PlyCount "93"]
[EventDate "2003.06.06"]
[EventType "swiss"]
[EventRounds "9"]
[EventCountry "ITA"]
[SourceTitle "CBM 094 Extra"]
[Source "ChessBase"]
[SourceDate "2003.07.09"]
[SourceVersion "2"]
[SourceVersionDate "2003.07.09"]
[SourceQuality "1"]

1. e4 c5 2. Nf3 e6 3. d4 cxd4 4. Nxd4 Nc6 5. Nc3 a6 6. Be3 Qc7 7. Bd3 Nf6 8. 0-0 Ne5 9. h3 b5 10. Qe2 Rb8 11. a4 b4 12. Nb1 Nxd3 13. cxd3 Bb7 14. Nd2 Be7 15. Rac1 Qd8 16. Bf4 Rc8 17. Rxc8 Qxc8 18. Nc4 0-0 19. Rc1 Qd8 20. Nd6 Qb8 21. Nxb7 Qxf4 22. Qc2 Ne8 23. Ne2 Qb8 24. Qc8 Qxc8 25. Rxc8 Nd6 26. Nxd6 Bxd6 27. Rc4 Rb8 28. b3 Kf8 29. f4 f6 30. Kf2 Ke8 31. Ke3 Kd8 32. d4 Be7 33. Kd3 Rb6 34. d5 exd5 35. exd5 f5 36. Nd4 g6 37. Nc2 Bd6 38. Ne3 Rb8 39. g3 Ke7 40. Rc2 Kf6 41. Nc4 Be7 42. Ne5 Rb7 43. Rc8 Bd6 44. Nc4 Bb8 45. Rf8+ Kg7 46. Rd8 Ba7 47. Nd6 1-0

[Event "EU-ch Seniors 02nd"]
[Site "Saint Vincent"]
[Date "2002.10.02"]
[Round "5"]
[White "MacDonald Ross, Michael"]
[Black "Zichichi, Alvise"]
[Result "1/2-1/2"]
[WhiteElo "2169"]
[BlackElo "2312"]
[PlyCount "66"]
[EventDate "2002.09.28"]
[EventType "swiss"]
[EventRounds "9"]
[EventCountry "ITA"]
[SourceTitle "CBM 090 Extra"]
[Source "ChessBase"]
[SourceDate "2002.11.07"]
[SourceVersion "1"]
[SourceVersionDate "2002.11.07"]
[SourceQuality "1"]

1. d4 d5 2. Nf3 Nf6 3. e3 g6 4. c4 c6 5. Nc3 Bg7 6. Qb3 0-0 7. Be2 e6 8. 0-0 Nbd7 9. Rd1 b6 10. Bd2 Bb7 11. Be1 Re8 12. a4 Rb8 13. Qc2 Qe7 14. a5 Rec8 15. axb6 axb6 16. Ra7 Ne8 17. e4 dxc4 18. Bxc4 Nd6 19. Bf1 Ra8 20. Rda1 Rxa7 21. Rxa7 Rb8 22. Bd2 Nc8 23. Ra1 Ra8 24. Rxa8 Bxa8 25. Qa4 Bb7 26. Ba6 Nb8 27. Bg5 Qd7 28. Bxb7 Qxb7 29. h3 h6 30. Be3 Qa6 31. Qxa6 Nxa6 32. Kf1 Nb4 33. Ke2 Kf8 1/2-1/2

[Event "Bratto op 22nd"]
[Site "Bratto"]
[Date "2002.08.24"]
[Round "5"]
[White "Ceresoli, Luigi"]
[Black "Zichichi, Alvise"]
[Result "1-0"]
[WhiteElo "2204"]
[BlackElo "2312"]
[PlyCount "69"]
[EventDate "2002.08.20"]
[EventType "swiss"]
[EventRounds "9"]
[EventCountry "ITA"]
[SourceTitle "EXT 2003"]
[Source "ChessBase"]
[SourceDate "2002.11.25"]
[SourceVersion "1"]
[SourceVersionDate "2002.11.25"]
[SourceQuality "1"]

1. e4 c5 2. c3 d5 3. exd5 Qxd5 4. d4 Nf6 5. Nf3 e6 6. Bd3 Be7 7. 0-0 0-0 8. c4 Qd7 9. dxc5 Rd8 10. Ne5 Qd4 11. Qe2 Nbd7 12. Nf3 Qg4 13. Nc3 Nxc5 14. Bc2 b6 15. Ne5 Qxe2 16. Nxe2 Bb7 17. h3 Nfd7 18. Nxd7 Rxd7 19. Ng3 f5 20. b3 Bf6 21. Rb1 Rad8 22. Re1 Kf7 23. Bb2 Bxb2 24. Rxb2 g6 25. Rbb1 Kf6 26. Rbd1 Nd3 27. Bxd3 Rxd3 28. Rxd3 Rxd3 29. Nf1 e5 30. f3 f4 31. Kf2 e4 32. fxe4 Ke5 33. Re2 Bxe4 34. c5 bxc5 35. Nd2 1-0

[Event "Wch Seniors 11th"]
[Site "Arco"]
[Date "2001.10.22"]
[Round "6"]
[White "Zichichi, Alvise"]
[Black "Csom, Istvan"]
[Result "0-1"]
[WhiteElo "2277"]
[BlackElo "2425"]
[PlyCount "66"]
[EventDate "2001.10.17"]
[EventType "swiss"]
[EventRounds "11"]
[EventCountry "ITA"]
[SourceTitle "EXT 2002"]
[Source "ChessBase"]
[SourceDate "2001.11.25"]
[SourceVersion "1"]
[SourceVersionDate "2001.11.25"]
[SourceQuality "1"]

1. d4 g6 2. e4 Bg7 3. Nc3 d6 4. Be3 a6 5. Qd2 Nd7 6. f3 c6 7. h4 h5 8. Nh3 b5 9. g3 Bb7 10. Bg2 Nb6 11. b3 Nd7 12. a4 Rc8 13. axb5 cxb5 14. Ra2 Ngf6 15. Ne2 0-0 16. Bh6 e5 17. d5 Nh7 18. g4 hxg4 19. Nf2 gxf3 20. Bxf3 Rc7 21. h5 Qf6 22. hxg6 fxg6 23. Bxg7 Qxg7 24. Bg4 Ndf6 25. Be6+ Kh8 26. Ng3 Bc8 27. Bxc8 Rfxc8 28. Qe2 Rc3 29. Nd3 a5 30. Kd1 a4 31. bxa4 bxa4 32. Rxa4 Qb7 33. Rb4 Rxd3+ 0-1

[Event "Bratto op 20th"]
[Site "Bratto"]
[Date "2000.??.??"]
[Round "6"]
[White "Marzano, Carlo"]
[Black "Zichichi, Alvise"]
[Result "1/2-1/2"]
[WhiteElo "2236"]
[BlackElo "2325"]
[PlyCount "31"]
[EventDate "2000.08.25"]
[EventType "swiss"]
[EventRounds "9"]
[EventCountry "ITA"]
[SourceTitle "CBM 077 Extra"]
[Source "ChessBase"]
[SourceDate "2000.09.14"]
[SourceVersion "1"]
[SourceVersionDate "2000.09.14"]
[SourceQuality "1"]

1. d4 d5 2. Bf4 c5 3. Nc3 Nc6 4. e4 cxd4 5. exd5 dxc3 6. dxc6 Qxd1+ 7. Rxd1 bxc6 8. Bc7 f6 9. Rd8+ Kf7 10. b3 Bb7 11. Rxa8 Bxa8 12. Bb8 a5 13. Bc7 a4 14. bxa4 e6 15. Bc4 Bb4 16. Ne2 1/2-1/2

[Event "Cannes op"]
[Site "Cannes"]
[Date "1996.??.??"]
[Round "8"]
[White "Koerholz, Ludger"]
[Black "Zichichi, Alvise"]
[Result "1-0"]
[WhiteElo "2335"]
[BlackElo "2340"]
[PlyCount "115"]
[EventDate "1996.02.??"]
[EventType "swiss"]
[EventRounds "9"]
[EventCountry "FRA"]
[SourceTitle "CBM 051 Extra"]
[Source "ChessBase"]
[SourceDate "1996.05.01"]
[SourceVersion "1"]
[SourceVersionDate "1996.05.01"]
[SourceQuality "1"]

1. c4 c6 2. e4 d5 3. exd5 cxd5 4. d4 Nf6 5. Nc3 g6 6. cxd5 Nxd5 7. Bc4 Nb6 8. Bb3 Bg7 9. Nf3 0-0 10. 0-0 Nc6 11. d5 Na5 12. Re1 Bg4 13. Bg5 Nxb3 14. Qxb3 Bxf3 15. gxf3 Re8 16. Rad1 Qd7 17. Qb4 Qf5 18. Qg4 Qxg4+ 19. fxg4 Nc4 20. Nb5 Nxb2 21. Rb1 Red8 22. Bxe7 Rd7 23. d6 a6 24. Nc7 Rc8 25. Re4 b5 26. Nxa6 Nc4 27. Rd1 Bf8 28. Bxf8 Kxf8 29. Red4 Rc6 30. Nb8 Rdxd6 31. Nxc6 Rxc6 32. Rb1 Rc5 33. Kg2 h5 34. h3 hxg4 35. hxg4 Ne5 36. Rb2 Nc6 37. Rdd2 Ke7 38. Rbc2 Rxc2 39. Rxc2 Kd6 40. f4 f5 41. Kg3 Kd5 42. Rd2+ Nd4 43. gxf5 gxf5 44. Rd1 b4 45. Re1 Kc4 46. Kf2 Nb5 47. Ke3 Nc3 48. Rc1 Kb5 49. Rxc3 bxc3 50. Kd3 Kb4 51. Kc2 Kc4 52. a3 Kd4 53. a4 Ke4 54. a5 Kxf4 55. a6 Kg3 56. a7 f4 57. a8Q f3 58. Kxc3 1-0

[Event "Biel Credis op"]
[Site "Biel"]
[Date "1995.??.??"]
[Round "12"]
[White "Hochstrasser, Michael"]
[Black "Zichichi, Alvise"]
[Result "0-1"]
[WhiteElo "2255"]
[BlackElo "2315"]
[PlyCount "70"]
[EventDate "1995.??.??"]
[EventType "swiss"]
[EventRounds "12"]
[EventCountry "SUI"]
[SourceTitle "CBM 048 Extra"]
[Source "ChessBase"]
[SourceDate "1995.11.01"]
[SourceVersion "1"]
[SourceVersionDate "1995.11.01"]
[SourceQuality "1"]

1. d4 d5 2. c4 c6 3. Nf3 dxc4 4. e4 b5 5. Nc3 a6 6. Bg5 Nf6 7. e5 h6 8. Bh4 Nd5 9. Be2 Nxc3 10. bxc3 Be6 11. 0-0 Nd7 12. Nd2 Nb6 13. Bg4 Qd7 14. Bxe6 Qxe6 15. f4 Na4 16. Ne4 0-0-0 17. f5 Qd5 18. Re1 g6 19. fxg6 fxg6 20. Qg4+ Kb8 21. Bf2 h5 22. Qxg6 Rg8 23. Qxh5 Nxc3 24. Qf3 Nxe4 25. Rxe4 Bh6 26. Qe2 Rg6 27. g3 Rh8 28. Rh4 Rf8 29. Rf1 Re6 30. Qe1 Rf3 31. Qa5 Kb7 32. Rg4 Bf8 33. Qb4 Rh6 34. Qd2 Rh7 35. Rf4 Bh6 0-1

[Event "Celle Ligure op"]
[Site "Celle Ligure"]
[Date "1995.??.??"]
[Round "?"]
[White "Zichichi, Alvise"]
[Black "Cazzaniga, Walter"]
[Result "1-0"]
[WhiteElo "2315"]
[BlackElo "2185"]
[PlyCount "39"]
[EventDate "1995.??.??"]
[EventType "swiss"]
[EventRounds "9"]
[EventCountry "ITA"]
[SourceTitle "EXT 1999"]
[Source "ChessBase"]
[SourceDate "1998.11.16"]
[SourceVersion "1"]
[SourceVersionDate "1998.11.16"]
[SourceQuality "1"]

1. d4 Nf6 2. Bg5 Ne4 3. Bf4 d5 4. f3 Nf6 5. Nc3 c6 6. e4 g6 7. Qd2 Bg7 8. 0-0-0 Be6 9. Bh6 Bxh6 10. Qxh6 dxe4 11. fxe4 Qa5 12. d5 cxd5 13. exd5 Bg4 14. Rd4 Nbd7 15. h3 Bf5 16. Nf3 Nc5 17. Qe3 0-0 18. Nd2 Rfe8 19. g4 e5 20. Rc4 1-0

[Event "Celle Ligure op"]
[Site "Celle Ligure"]
[Date "1995.??.??"]
[Round "?"]
[White "Zichichi, Alvise"]
[Black "Esposito, Luca"]
[Result "1-0"]
[WhiteElo "2285"]
[BlackElo "2000"]
[PlyCount "115"]
[EventDate "1995.??.??"]
[EventType "swiss"]
[EventRounds "9"]
[EventCountry "ITA"]
[SourceTitle "EXT 1999"]
[Source "ChessBase"]
[SourceDate "1998.11.16"]
[SourceVersion "1"]
[SourceVersionDate "1998.11.16"]
[SourceQuality "1"]

1. d4 Nf6 2. Bg5 Ne4 3. Bf4 c5 4. f3 Qa5+ 5. c3 Nf6 6. Nd2 cxd4 7. Nb3 Qf5 8. Bxb8 Rxb8 9. Qxd4 b6 10. e4 Qg5 11. Nh3 Qh4+ 12. Nf2 e6 13. Rd1 Be7 14. Qe5 Ra8 15. Be2 0-0 16. 0-0 d5 17. g3 Qh5 18. Qxh5 Nxh5 19. exd5 exd5 20. Rxd5 Nf6 21. Rd2 Bb7 22. Rfd1 a5 23. Nd4 g6 24. Nd3 Nd5 25. Ne5 Rfe8 26. Bb5 Rec8 27. Kf2 Bc5 28. Nd7 Rc7 29. Nxc5 Rxc5 30. Bf1 a4 31. a3 Ba6 32. Bxa6 Rxa6 33. Nf5 gxf5 34. Rxd5 Raa5 35. Rxc5 Rxc5 36. Rd4 b5 37. Ke3 Kg7 38. Kd3 Kf6 39. c4 Ke5 40. f4+ Ke6 41. Kc3 Rc8 42. Kb4 bxc4 43. Rxc4 Rb8+ 44. Kc3 Rb3+ 45. Kc2 Rf3 46. Rxa4 Kd5 47. Ra5+ Kc4 48. Rxf5 Rf2+ 49. Kb1 Kb3 50. Rb5+ Kc4 51. Rb4+ Kc5 52. Rb7 Rxh2 53. Rxf7 h5 54. Ka2 Kc6 55. Rh7 Kd5 56. a4 Kc4 57. g4 h4 58. g5 1-0

[Event "Celle Ligure op"]
[Site "Celle Ligure"]
[Date "1995.??.??"]
[Round "?"]
[White "Zichichi, Alvise"]
[Black "Ortega, Lexy"]
[Result "0-1"]
[WhiteElo "2315"]
[BlackElo "2435"]
[PlyCount "74"]
[EventDate "1995.??.??"]
[EventType "swiss"]
[EventRounds "9"]
[EventCountry "ITA"]
[SourceTitle "EXT 1999"]
[Source "ChessBase"]
[SourceDate "1998.11.16"]
[SourceVersion "1"]
[SourceVersionDate "1998.11.16"]
[SourceQuality "1"]

1. d4 Nf6 2. Nf3 e6 3. e3 b6 4. Bd3 Bb7 5. 0-0 c5 6. c4 d6 7. b3 Nbd7 8. Bb2 Be7 9. Nbd2 0-0 10. Qe2 Re8 11. Rad1 Bf8 12. Bb1 Qc7 13. e4 cxd4 14. Bxd4 e5 15. Bb2 a6 16. Rfe1 Bc6 17. Nh4 g6 18. g3 b5 19. Rc1 Qb7 20. f3 Rad8 21. Ng2 bxc4 22. Qxc4 Rc8 23. Qf1 d5 24. exd5 Nxd5 25. Nc4 Bb5 26. Kh1 N5b6 27. Bd3 Nc5 28. Be2 Nxc4 29. Bxc4 Bxc4 30. Qxc4 Qxf3 31. Rf1 Qb7 32. Rce1 Ne6 33. Qe4 Qxe4 34. Rxe4 Bg7 35. Ra4 Nc5 36. Ra5 Nd3 37. Ba3 e4 0-1

[Event "Catania op"]
[Site "Cattolica"]
[Date "1994.??.??"]
[Round "3"]
[White "Genovese, Maurizio"]
[Black "Zichichi, Alvise"]
[Result "0-1"]
[WhiteElo "2250"]
[BlackElo "2295"]
[PlyCount "95"]
[EventDate "1994.??.??"]
[EventType "swiss"]
[EventRounds "9"]
[EventCountry "ITA"]
[SourceTitle "EXT 1997"]
[Source "ChessBase"]
[SourceDate "1996.11.15"]
[SourceVersion "1"]
[SourceVersionDate "1996.11.15"]
[SourceQuality "1"]

1. d4 d5 2. c4 c6 3. Nf3 Nf6 4. Nc3 a6 5. a4 g6 6. Bf4 Bg7 7. e3 0-0 8. b4 Bg4 9. Qb3 Bxf3 10. gxf3 Nh5 11. Bxb8 Qxb8 12. cxd5 e5 13. dxe6 fxe6 14. Qxe6+ Kh8 15. Ne4 a5 16. Bd3 axb4 17. Qc4 Rxf3 18. Ng5 Qf8 19. Nxf3 Qxf3 20. Rf1 b5 21. Be2 Qe4 22. Qxb4 Nf6 23. Qb1 Qe7 24. axb5 Rd8 25. Ra2 Ng8 26. Kd1 c5 27. Rd2 cxd4 28. exd4 Nf6 29. Bf3 Qa3 30. Be4 Qa4+ 31. Bc2 Qc4 32. Rg1 Nd5 33. Rd3 Nc3+ 34. Rxc3 Qxc3 35. Rg3 Qxd4+ 36. Rd3 Qg4+ 37. Ke1 Re8+ 38. Re3 Qg1+ 39. Ke2 Qg4+ 40. Kf1 Rf8 41. Qe1 Bd4 42. Re8 Qd7 43. Kg2 Bxf2 44. Qxf2 Rxe8 45. b6 Qg4+ 46. Kh1 Qe6 47. Kg2 Qd5+ 48. Kg3 0-1

[Event "Catania op"]
[Site "Cattolica"]
[Date "1994.??.??"]
[Round "9"]
[White "Urday Caceres, Henry"]
[Black "Zichichi, Alvise"]
[Result "1-0"]
[WhiteElo "2470"]
[BlackElo "2295"]
[PlyCount "103"]
[EventDate "1994.??.??"]
[EventType "swiss"]
[EventRounds "9"]
[EventCountry "ITA"]
[SourceTitle "EXT 1997"]
[Source "ChessBase"]
[SourceDate "1996.11.15"]
[SourceVersion "1"]
[SourceVersionDate "1996.11.15"]
[SourceQuality "1"]

1. c4 Nf6 2. Nc3 c6 3. e4 d5 4. exd5 cxd5 5. d4 g6 6. cxd5 Bg7 7. Bc4 0-0 8. Nge2 Nbd7 9. Bb3 Nb6 10. Nf4 Bg4 11. Qd3 Ne8 12. Be3 Nd6 13. 0-0 Rc8 14. h3 Bd7 15. Qe2 a6 16. Rfd1 Bb5 17. Nxb5 Nxb5 18. a4 Nc7 19. Qf3 Qd6 20. a5 Nd7 21. Nd3 Nb5 22. Ra4 Qb8 23. Rb4 Qc7 24. Ra1 b6 25. axb6 Qxb6 26. Ba4 Nf6 27. Nc5 Qa5 28. Rc4 Nc7 29. b4 Qb6 30. Bc6 Rcd8 31. Na4 Qa7 32. Nc3 Qb6 33. Bf4 Nfe8 34. Na4 Qa7 35. Be5 Nd6 36. Rcc1 Ncb5 37. Bxg7 Kxg7 38. Nc5 Kg8 39. Rxa6 Qb8 40. Qd3 Nc7 41. Ra4 Qc8 42. b5 Nf5 43. Qb3 e6 44. dxe6 Nxe6 45. Ra8 Qxa8 46. Bxa8 Nfxd4 47. Qc4 Nxc5 48. Bd5 Nce6 49. Bxe6 Nxe6 50. b6 Rb8 51. Qa6 Rfd8 52. b7 1-0

[Event "Ticino op"]
[Site "Ticino"]
[Date "1994.??.??"]
[Round "4"]
[White "Zichichi, Alvise"]
[Black "Astengo, Corrado"]
[Result "1-0"]
[WhiteElo "2295"]
[BlackElo "2180"]
[PlyCount "109"]
[EventDate "1994.??.??"]
[EventType "swiss"]
[EventRounds "7"]
[EventCountry "SUI"]
[SourceTitle "EXT 1997"]
[Source "ChessBase"]
[SourceDate "1996.11.15"]
[SourceVersion "1"]
[SourceVersionDate "1996.11.15"]
[SourceQuality "1"]

1. d4 d5 2. Nf3 Nf6 3. e3 Bf5 4. Be2 e6 5. 0-0 Nbd7 6. b3 Bd6 7. c4 0-0 8. Bb2 c5 9. Nbd2 cxd4 10. exd4 Rc8 11. g3 Re8 12. c5 Bb8 13. b4 e5 14. dxe5 Nxe5 15. Nxe5 Bxe5 16. Bxe5 Rxe5 17. Nf3 Re8 18. Nd4 Bh3 19. Re1 a6 20. f3 h5 21. Qd2 Rc7 22. Bd3 Rce7 23. a4 Qc8 24. a5 Re5 25. Rxe5 Rxe5 26. Re1 Qe8 27. Rxe5 Qxe5 28. Be2 Bc8 29. Kf2 h4 30. Qf4 hxg3+ 31. hxg3 Qxf4 32. gxf4 Kf8 33. Ke3 g6 34. c6 Ke7 35. cxb7 Bxb7 36. Nb3 Nd7 37. Kd4 Kd6 38. Bd1 Nf8 39. Nc5 Ne6+ 40. Nxe6 fxe6 41. Bc2 g5 42. fxg5 e5+ 43. Ke3 Ke6 44. Bd3 Ke7 45. Bf5 Kd6 46. f4 d4+ 47. Kd3 exf4 48. Kxd4 f3 49. Ke3 Ke5 50. Bg4 f2 51. Kxf2 Kf4 52. Be2 Kxg5 53. Ke3 Kf5 54. Kd4 Ke6 55. Kc5 1-0

[Event "ITA-chT"]
[Site "Italy"]
[Date "1994.??.??"]
[Round "?"]
[White "Zichichi, Alvise"]
[Black "Genovese, Maurizio"]
[Result "1-0"]
[WhiteElo "2295"]
[BlackElo "2250"]
[PlyCount "113"]
[EventDate "1994.??.??"]
[EventType "tourn"]
[EventRounds "7"]
[EventCountry "ITA"]
[SourceTitle "EXT 2000"]
[Source "ChessBase"]
[SourceDate "1999.11.16"]
[SourceVersion "1"]
[SourceVersionDate "1999.11.16"]
[SourceQuality "1"]

1. Nf3 Nf6 2. c4 e6 3. g3 d5 4. b3 Be7 5. Bg2 0-0 6. 0-0 c5 7. e3 Nc6 8. Bb2 a6 9. d3 b5 10. Nbd2 Bb7 11. Qe2 Re8 12. a3 Qb6 13. Rab1 Rad8 14. Rfd1 Nd7 15. d4 Nf6 16. dxc5 Qxc5 17. b4 Qb6 18. cxb5 axb5 19. Bf1 Ba6 20. Rbc1 Bf8 21. Ne5 Nxe5 22. Bxe5 Rc8 23. Nb3 Nd7 24. Bb2 Qb8 25. e4 Nb6 26. exd5 Nxd5 27. Na5 Rxc1 28. Rxc1 Rc8 29. Qd1 Rxc1 30. Qxc1 Qc7 31. Qxc7 Nxc7 32. Bg2 f6 33. Bd4 Nd5 34. Kf1 Kf7 35. Ke2 Bc8 36. Nb3 Bd7 37. Bxd5 exd5 38. Bc5 Be7 39. Bxe7 Kxe7 40. Ke3 Kd6 41. f4 g6 42. Nd4 Be8 43. Ne2 Bd7 44. Nc3 h5 45. Kd4 h4 46. Nxd5 hxg3 47. hxg3 Ke6 48. Kc5 Kf5 49. Kd6 Be8 50. Ke7 Bc6 51. Nxf6 Bf3 52. Kf7 g5 53. fxg5 Kxg5 54. Ke6 Be2 55. Ke5 Bf3 56. Ne4+ Kg4 57. Kd4 1-0

[Event "ITA-chT"]
[Site "Italy"]
[Date "1993.??.??"]
[Round "1"]
[White "Iannacone, Ernesto"]
[Black "Zichichi, Alvise"]
[Result "1-0"]
[WhiteElo "2385"]
[BlackElo "2305"]
[PlyCount "107"]
[EventDate "1993.??.??"]
[EventType "team"]
[EventRounds "9"]
[EventCountry "ITA"]
[SourceTitle "EXT 1999"]
[Source "ChessBase"]
[SourceDate "1998.11.16"]
[SourceVersion "1"]
[SourceVersionDate "1998.11.16"]
[SourceQuality "1"]

1. d4 Nf6 2. c4 d6 3. Nc3 Nbd7 4. Nf3 e5 5. Bg5 Be7 6. e3 0-0 7. Qc2 c6 8. 0-0-0 e4 9. Nd2 d5 10. f3 exf3 11. gxf3 dxc4 12. Nxc4 Nb6 13. e4 Nh5 14. Be3 Nxc4 15. Bxc4 Bg5 16. Qd2 Bxe3 17. Qxe3 Qf6 18. d5 Qf4 19. Qxf4 Nxf4 20. dxc6 bxc6 21. Rd6 Be6 22. Ba6 c5 23. Rhd1 Rab8 24. b3 Ng6 25. Nd5 h6 26. Bc4 Kh8 27. Ne3 Nf4 28. Kd2 Rfd8 29. Kc3 Rdc8 30. R1d2 Rc7 31. Rd8+ Rxd8 32. Rxd8+ Kh7 33. Nd5 Bxd5 34. exd5 Kg6 35. d6 Rb7 36. Rc8 Rd7 37. Rxc5 Rxd6 38. Rc7 Nd5+ 39. Bxd5 Rxd5 40. Rxa7 Rf5 41. b4 Rxf3+ 42. Kd4 Rf2 43. b5 Rb2 44. Kc5 f5 45. Ra4 Kg5 46. h4+ Kh5 47. b6 g5 48. hxg5 hxg5 49. Rb4 Rc2+ 50. Kd6 Rc8 51. b7 Rb8 52. Kc7 Rxb7+ 53. Rxb7 f4 54. Kd6 1-0